000 00630nam a22002171 4500
001 105195
003 ES-MaACL
005 20230906183817.0
007 t|
008 060615s1934 ck ||||0| spa d
016 7 _zIND9200523577
040 _aM-BN
_bspa
_cA2
080 _a986.1
100 1 _aLópez de Mesa, Luis.
_973573
245 1 0 _aDe cómo se ha formado la nación colombiana /
_cLuis López de Mesa.
260 _aBogotá :
_bLibrería Colombiana,
_c1934.
300 _a228 p., 1 h ;
_c26 cm.
651 4 _aColombia-
_xCivilización.
_98071
651 4 _aColombia-
_xHistoria.
_98073
852 _aES-MaACL
_jA-2929
999 _c105195
_d105195